00805cam a2200193 a 450000100100000000500170001000800410002702000310006802000240009902000250012304000250014810000270017324500490020026001270024930000310037650000740040795201130048199900170059400001543920200929164036.0960321s1995 sp e 000 0 spa  a8438000932 (obra completa) a8438000916 (Tomo I) a8438000924 (Tomo II) aDO-SdBNPbspacBNPHU1 aDelgado, Pedro.93485513aLa Real Acequia del Jarama /cPedro Delgado. aEspaña :bMinisterio de Obras Públicas, Transportes y Medio Ambiente, Direccion General de Obras Hidráulicas,c1995. av. :bil., mapas ;c34 cm. aIncluye referencias bibliográficas y notas al pie de las págianas 001052708MOaGRbGRcCTd2010-02-08iLF1l0ov.1p15439-10r2020-06-25w2020-06-25y2ZPréstamo interno c14996d14996